000 01328nam a2200325 4500
003 EG-GICUC
005 20260121101155.0
008 251107s1977 ua ||||fr|||| 00| 0 ara d
017 _a765610
020 _a9772561141
040 _a EG-GICUC
_bara
_c EG-GICUC
_d EG-GICUC
_erda
041 0 _aara
082 0 4 _221
_a341.8
_bع ز . ق
092 0 4 _221
099 _aLaw1 12 341.8 ع ز . ق 10 ed - 1977
100 0 _aعز الدين عبد الله
_eمؤلف.
245 1 2 _aالقانون الدولي الخاص /
_cعز الدين عبد الله .
_pالجزء الاول : في الجنسية والموطن وتمتع الاجانب بالحقوق (مركز الاجانب) .
250 _aالطبعة العاشرة
264 1 _aالقاهرة :
_bدار النهضة العربية،
_c1977.
300 _a842 ؛صفحة
_c24 سم
336 _2rda content
_atext
337 _2rda media
_aComputer
338 _2rda carrier
_aOnline Resource
504 _aيحتوي على اراجاعات ببليوجرافية
546 _aالنص أغلبه باللغة العربية بعض النصوص الإنجليزية والفرنسية
650 1 _aالقانون الدولى الخاص
856 4 0 _uhttps://fll.law.cu.edu.eg/fulltext/bks/B12-00501.pdf
905 _a75
942 _2ddc
_n0
_cBK
_e21
999 _c41688
_d41688